Разработка вибровозбудителя для скважинных вибрационных источников: Заключительный отчет о НИР; Тема: х/д 4-52/86

Bibliografiske detaljer
Institution som forfatter: Томский политехнический институт (ТПИ) (595)
Andre forfattere: Крауиньш П. Я. (руководитель), Смайлов С. А. (исполнитель)
Sprog:russisk
Udgivet: Томск, 1990
Fag:
Format: Bog
KOHA link:https://koha.lib.tpu.ru/cgi-bin/koha/opac-detail.pl?biblionumber=150756

MARC

LEADER 00000nbm0a2200000 4500
001 150756
005 20231031150300.0
029 0 0 |a SU  |b 01860132099  |f ТПУ 
035 |a (RuTPU)RU\TPU\book\163452 
090 |a 150756 
100 |a 20090114d1990 k y0rusy50 ca 
101 0 |a rus 
102 |a RU 
105 |a a p 001zy 
200 1 |a Разработка вибровозбудителя для скважинных вибрационных источников  |e Заключительный отчет о НИР  |e Тема: х/д 4-52/86  |f Томский политехнический институт (ТПИ) ; руководитель П. Я. Крауиньш ; С. А. Смайлов 
210 |a Томск  |d 1990 
215 |a 40 л. 
320 |a Библиогр.: с. 40. 
610 1 |a отчеты о НИР 
610 1 |a гидрообъемные вибровозбудители 
610 1 |a скважинные источники энергии 
610 1 |a гидромоторы 
610 1 |a система автосвипа 
610 1 |a упругие полости 
610 1 |a разделители 
610 1 |a поисковые работы 
675 |a 622.243.95(04)  |v 3 
702 1 |a Крауиньш  |b П. Я.  |4 673 
702 1 |a Смайлов  |b С. А.  |4 677 
712 0 2 |a Томский политехнический институт (ТПИ)  |c (1944-1991)  |2 stltpush  |3 (RuTPU)RU\TPU\col\1123  |4 595 
801 1 |a RU  |b 63413507  |c 20090114  |g PSBO 
801 2 |a RU  |b 63413507  |c 20090115  |g PSBO 
942 |c BK